The Delhi Municipal Corporation bill 1957 (report of the joint committee) presented on the 11th November, 1957 (Record no. 392467)

000 -LEADER
fixed length control field 00550cam a22001457a 4500
008 - FIXED-LENGTH DATA ELEMENTS--GENERAL INFORMATION
fixed length control field 180718b1957 xxu||||| |||| 00| 0 eng d
082 ## - DEWEY DECIMAL CLASSIFICATION NUMBER
Classification number B7303x5461 In2b
100 ## - MAIN ENTRY--PERSONAL NAME
Personal name India. Joint Committee
245 ## - TITLE STATEMENT
Title The Delhi Municipal Corporation bill 1957 (report of the joint committee) presented on the 11th November, 1957
Statement of responsibility, etc. by Lok Sabha Secretariat
260 ## - PUBLICATION, DISTRIBUTION, ETC.
Place of publication, distribution, etc. New Delhi
Name of publisher, distributor, etc. Lok Sabha Secretariat
Date of publication, distribution, etc. 1957
300 ## - PHYSICAL DESCRIPTION
Extent 326+p.
500 ## - GENERAL NOTE
General note Chairman: Govind Ballabh Pant
700 ## - ADDED ENTRY--PERSONAL NAME
Personal name India. Lok Sabha Secretariat
700 ## - ADDED ENTRY--PERSONAL NAME
Personal name Pant, Govind Ballabh (Chairman)
Holdings
Withdrawn status Lost status Damaged status Not for loan Permanent Location Current Location Date acquired Full call number Barcode Date last seen Price effective from Koha item type
        Indian Institute of Public Administration Indian Institute of Public Administration 2000-03-23 B7303x5461 In2b 9527 2018-07-21 2018-07-21 Book

Powered by Koha